| 000 | 01598nam a2200241Ia 4500 | ||
|---|---|---|---|
| 999 |
_c51923 _d51923 |
||
| 001 | 18923 | ||
| 003 | GE_BSU | ||
| 005 | 20210423164316.0 | ||
| 008 | 181216s2013||||ge |||||||||||||| ||geo|| | ||
| 040 | _cGE_BSU | ||
| 041 | _ageo | ||
| 080 | _a63 ვ-21 | ||
| 100 |
_aვარშანიძე, ფირუზა _911583 |
||
| 245 |
_aფერდობებზე თხილის მოსავლის კრეფა მცირე მექანიზაციის ტექნიკური საშუალებების გამოყენებით / _cფირუზა ვარშანიძე; სამეცნიერო ხელმძღვანელი მ. მამულაძე. რ. მარგალიტაძე; ბათუმის შოთა რუსთაველის სახ-ფო უნ-ტი. |
||
| 264 |
_aბათუმი, _c2013. |
||
| 300 |
_a150 გვ.; _b30 სმ. |
||
| 653 | _aდისერტაცია | ||
| 653 | _aსოფლის მეურნეობა | ||
| 653 | _aფერდობებზე თხილის მოსავლის კრეფა მცირე მექანიზაციის ტექნიკური საშუალებების გამოყენებით | ||
| 700 |
_aმამულაძე, მ. _eსამეცნიერო ხელმძღვანელი _911556 |
||
| 700 |
_aმარგალიტაძე, რ. _eსამეცნიერო ხელმძღვანელი _96245 |
||
| 942 |
_cBK _2udc |
||